PANNA MARIA /

TRADUCCION DE: PANNA MARIA

Gorde:
Xehetasun bibliografikoak
Egile nagusia: Charyn, Jerome (autor)
Formatua: Liburua
Saila:(Hojas Negras)
Gaiak:
Etiketak: Etiketa erantsi
Etiketarik gabe, Izan zaitez lehena erregistro honi etiketa jartzen!

MARC

LEADER 00000nam^a2200000^a^4500
001 000235687
005 20250521000000.0
009 20260310104817.638
020 |a 968-895-362-8 
035 |a 057283 
037 |a Acervo Xavier Clavigero 
082 |a 813. 5  |b CHA 
100 |a Charyn, Jerome  |e (autor) 
245 1 0 |a PANNA MARIA /  |c JEROME CHARYN ; TR. SANTIAGO I. GONZALEZ 
264 |a Guadalajara, México :  |b Universidad de Guadalajara,  |c 1992 
300 |a 489 p. 
336 |a texto  |b txt  |2 rdacontenido 
337 |a sin mediación  |b n  |2 rdamedio 
338 |a volumen  |b nc  |2 rdasoporte 
440 |a (Hojas Negras) 
520 |a TRADUCCION DE: PANNA MARIA 
649 |a XX 
650 |a Novela Norteamericana 
650 |a Literatura Policíaca y de Misterio 
650 |a Literatura Norteamericana -  |y Siglo XX 
910 |a Fondo General 
920 |a Impresos - Libros 
930 |a Colección General 
940 |a Literatura 
905 |a 101 
901 |a 057283  |b IT1  |c LIT  |i 057283  |u 20250521 
902 |a https://opac.biblio.iteso.mx/vufind/Record/000235687